000 00203 a2200097 4500
001 7879
100 _aVincent, I V
245 _aIndia : many-storied house
260 _a
_bFaber
_c
090 _c6324
_d6324
942 _aNUST-CAE
_cM
_c32850
999 _c242952
_d242952